000 00710nam a2200241Ia 4500
003 OSt
005 20220918195906.0
006 a|||||r|||| 00| 0
007 ta
008 220917b |||||||| |||| 00| 0 eng d
024 _a86,656
037 _cTextual
040 _aARTS
_cARTS
_beng
041 _2eng
_aeng
082 _a#:f, M8 (906)
100 _aBayle Jean-Louis Loubet del
_991869
245 0 _aIntroduction to the methods of social sciences ed by J Cjohari tr by Sunaina Suneja
260 _aNew Delhi
_bSterling
_c1988
300 _axiv, 264p
_ccm.
650 _aSOCIAL SCIENCES
942 _h#:f, M8 (906)
_cTEXL
_2CC
999 _c210353
_d210353